|
|
|
|
| LEADER |
00000nam0a2200000 4500 |
| 001 |
89005 |
| 005 |
20231031102903.0 |
| 035 |
|
|
|a (RuTPU)RU\TPU\book\95499
|
| 090 |
|
|
|a 89005
|
| 100 |
|
|
|a 20060112d1969 m y0rusy50 ca
|
| 101 |
0 |
|
|a rus
|
| 102 |
|
|
|a RU
|
| 105 |
|
|
|a a z 001zy
|
| 200 |
1 |
|
|a Эффект Мессбауэра
|e сборник переводов статей
|f под ред. Н. А. Бургова, В. В. Скляревского
|
| 210 |
|
|
|a Москва
|c Атомиздат
|d 1969
|
| 215 |
|
|
|a 438 с.
|c ил.
|
| 320 |
|
|
|a Библиогр. в конце статей
|
| 610 |
1 |
|
|a эффект Мессбауэра
|
| 610 |
1 |
|
|a сборники
|
| 610 |
1 |
|
|a ядерная физика
|
| 610 |
1 |
|
|a теория относительности
|
| 610 |
1 |
|
|a твердые тела
|
| 610 |
1 |
|
|a магнетизм
|
| 610 |
1 |
|
|a магнитные свойства
|
| 610 |
1 |
|
|a кристаллические решетки
|
| 675 |
|
|
|a 530.1
|v 3
|
| 702 |
|
1 |
|a Бургов
|b Н. А.
|4 340
|
| 702 |
|
1 |
|a Скляревский
|b В. В.
|4 340
|
| 801 |
|
1 |
|a RU
|b 63413507
|c 20060112
|g PSBO
|
| 801 |
|
2 |
|a RU
|b 63413507
|c 20130624
|g PSBO
|
| 942 |
|
|
|c BK
|